| 000 | 02017nam0a2200433 4500 | ||
|---|---|---|---|
| 001 | RU\NLR\bibl\924116 | ||
| 005 | 20260405160129.0 | ||
| 010 |
_a5-696-03077-7 _9100 |
||
| 021 |
_aRU _b2006-785 _933 |
||
| 035 | _a(nilc)EL/0000051698 | ||
| 035 | _a65.052-739596 | ||
| 035 | _a(NLR Aleph) 000912383 | ||
| 090 |
_a47863 _c47863 |
||
| 100 | _a20060226d2005 |||y0rusy50 ca | ||
| 101 | 0 | _arus | |
| 102 | _aRU | ||
| 105 | _ay ||||||||| | ||
| 200 | 1 |
_aКонтроллинг _eучебное пособие _fД.С. Захарова _gпод ред. Л.С. Сосненко _gФедер. агентство по образованию, Юж.-Урал гос. ун-т, Каф. бухгалт. учета и анализа |
|
| 210 |
_aЧелябинск _cИзд-во ЮУрГУ _d2005 |
||
| 215 |
_a35 с. _d20 |
||
| 320 | _aБиблиогр.: с. 35 | ||
| 606 | 1 |
_aКонтроллинг _jУчебные издания для высших учебных заведений _yРоссийская Федерация _92085636 _3RU\NLR\auth\661261755 |
|
| 606 | 1 |
_aЗатраты на производство _jУчебные издания для высших учебных заведений _xУчет _yРоссийская Федерация _92192059 _3RU\NLR\auth\661317658 |
|
| 610 | 1 | _aконтроллинг | |
| 610 | 1 | _aучет затрат | |
| 610 | 1 | _aкалькуляция себестоимости | |
| 610 | 1 | _aучет накладных расходов | |
| 686 |
_a65.052.9(2)2я73 _vLBC/RL _2rubbk |
||
| 686 |
_a06.35.31 _2rugasnti |
||
| 686 | _aУ26(2)26-21я73 | ||
| 686 | _aУ052.9(2)2-148.6я73 | ||
| 700 | 1 |
_4070 _7ca _8rus _aЗахарова _bД. С. _cканд. экон. наук _gДжамиля Сафуатовна _949761 _3RU\NLR\auth\7766833 |
|
| 801 | 0 |
_aRU _bЧелябинская ОУНБ _c20060226 |
|
| 801 | 1 |
_aRU _bЧелябинская ОУНБ _c20060226 |
|
| 801 | 2 |
_aRU _bNLR _c20060331 _grcr |
|
| 830 | _aпо кн | ||
| 942 | _cBOOK | ||
| 980 | _aNB | ||